<?xml version="1.0" encoding="UTF-8"?><?xml-stylesheet type="text/xsl" href="static/style.xsl"?><OAI-PMH xmlns="http://www.openarchives.org/OAI/2.0/" xmlns:xsi="http://www.w3.org/2001/XMLSchema-instance" xsi:schemaLocation="http://www.openarchives.org/OAI/2.0/ http://www.openarchives.org/OAI/2.0/OAI-PMH.xsd"><responseDate>2026-04-17T04:11:28Z</responseDate><request verb="GetRecord" identifier="oai:www.recercat.cat:10230/32805" metadataPrefix="marc">https://recercat.cat/oai/request</request><GetRecord><record><header><identifier>oai:recercat.cat:10230/32805</identifier><datestamp>2025-12-18T01:12:47Z</datestamp><setSpec>com_2072_6</setSpec><setSpec>col_2072_452952</setSpec></header><metadata><record xmlns="http://www.loc.gov/MARC21/slim" xmlns:dcterms="http://purl.org/dc/terms/" xmlns:xsi="http://www.w3.org/2001/XMLSchema-instance" xmlns:doc="http://www.lyncode.com/xoai" xsi:schemaLocation="http://www.loc.gov/MARC21/slim http://www.loc.gov/standards/marcxml/schema/MARC21slim.xsd">
   <leader>00925njm 22002777a 4500</leader>
   <datafield ind2=" " ind1=" " tag="042">
      <subfield code="a">dc</subfield>
   </datafield>
   <datafield ind2=" " ind1=" " tag="720">
      <subfield code="a">Xambó, Rafael, 1954-</subfield>
      <subfield code="e">author</subfield>
   </datafield>
   <datafield ind2=" " ind1=" " tag="720">
      <subfield code="a">Perales-García, Cristina</subfield>
      <subfield code="e">author</subfield>
   </datafield>
   <datafield ind2=" " ind1=" " tag="720">
      <subfield code="a">Xicoy i Comas, Enric, 1973-</subfield>
      <subfield code="e">author</subfield>
   </datafield>
   <datafield ind2=" " ind1=" " tag="260">
      <subfield code="c">2017-09-26T16:48:01Z</subfield>
   </datafield>
   <datafield ind2=" " ind1=" " tag="260">
      <subfield code="c">2017-09-26T16:48:01Z</subfield>
   </datafield>
   <datafield ind2=" " ind1=" " tag="260">
      <subfield code="c">2014</subfield>
   </datafield>
   <datafield ind2=" " ind1=" " tag="520">
      <subfield code="a">Els articles editorials que publiquen els diaris continuen sent postulats ideològics de referència a l&amp;apos;hora d&amp;apos;identificar els mitjans i els seus lectors amb alguns dels actors que apareixen en qualsevol conflicte, com és el cas dels conflictes polítics. Aquest treba ll és un estudi qualitati u i quantitatiu que busca analitzar els editorials amb l&amp;apos;objectiu de caracteritzar els actors amb els quals la capçalera queda alineada i com persuadeixen els se us lectors i legitimen arguments al voltant del cas de la manifestació de la Diada de Cata lunya de 2012. El corpus de l&amp;apos;estudi se centra en 97 editorials de 10 diaris que responen a contextos territorials diferents: El País i El Mundo -context espanyol-, La Vanguardia, El Periódico de Cata lunya, Ara i El Punt/Avui -context català-, Deia, El Correo -context basc-, Las Provincias i Levante-EMV - context valencià-. Les peces analitzades es van publicar al llarg del mes de setembre amb tres moments cabdals en el procés: (a) la manifestació de la Diada; (b) la reunió en Moncloa entre Rajoy i Mas; i (c) l&amp;apos;anunci de l&amp;apos;avançament de la convocatòria de comicis autonòmics a Catalunya.</subfield>
   </datafield>
   <datafield tag="653" ind2=" " ind1=" ">
      <subfield code="a">Diada de Catalunya</subfield>
   </datafield>
   <datafield tag="653" ind2=" " ind1=" ">
      <subfield code="a">Diaris</subfield>
   </datafield>
   <datafield tag="653" ind2=" " ind1=" ">
      <subfield code="a">Editorials</subfield>
   </datafield>
   <datafield tag="653" ind2=" " ind1=" ">
      <subfield code="a">Opinió pública</subfield>
   </datafield>
   <datafield tag="653" ind2=" " ind1=" ">
      <subfield code="a">Arguments</subfield>
   </datafield>
   <datafield tag="653" ind2=" " ind1=" ">
      <subfield code="a">Discurs</subfield>
   </datafield>
   <datafield ind2="0" ind1="0" tag="245">
      <subfield code="a">La Confrontació per l&amp;apos;opinió pública: els editorials dels diaris sobre la Diada de Catalunya de 2012</subfield>
   </datafield>
</record></metadata></record></GetRecord></OAI-PMH>